¿Obscenidad? / (Record no. 5755)

000 -CABECERA
fixed length control field 00858nam a22002057a 4500
003 - IDENTIFICADOR DEL NÚMERO DE CONTROL
control field AR-CdUCM
008 - DATOS DE LONGITUD FIJA--INFORMACIÓN GENERAL
fixed length control field 190313b ||||| |||| 00| 0 spa d
040 ## - FUENTE DE LA CATALOGACIÓN
Agencia/entidad que catalogó originalmente la obra MUNICIPALIDAD PROVINCIAL DEL CUSCO
Entidad que transcribió la catalogación BIBLIOTECA MUNICIPAL DEL CUSCO
082 ## - NÚMERO DE LA CLASIFICACIÓN DECIMAL DEWEY
No. de Clasificación 194.7 /
Notacion interna T35
100 ## - ENTRADA PRINCIPAL--NOMBRE DE PERSONA
Nombre Personal Tello Palomino, Moisés
245 ## - MENCIÓN DE TÍTULO
Título ¿Obscenidad? /
260 ## - PUBLICACIÓN, DISTRIBUCIÓN, ETC.
Lugar de publicación, distribución, etc. Cusco :
Nombre de la editorial, distribuidor, etc. Imprenta Yañes ,
Fecha de publicación, distribución, etc. 1995.
300 ## - DESCRIPCIÓN FÍSICA
Nº de Páginas Extensión 393 páginas ;
Dimensiones 20.5 cm.
505 ## - NOTA DE CONTENIDO CON FORMATO
Nota de contenido formateada Contenido : Una sancion de religion y moral -- La sensacion estética -- Psicoanalizando -- Metiéndonos en honduras -- El cuerpo -- El estropicio en plumas inmortales -- Veamos es malo por que es prohibido -- Algunas mujeres célebres -- Del adulterio civilizado...
650 ## - PUNTO DE ACCESO ADICIONAL DE MATERIA--TÉRMINO DE MATERIA
Descriptor Erotismo
9 (RLIN) 17122
650 ## - PUNTO DE ACCESO ADICIONAL DE MATERIA--TÉRMINO DE MATERIA
Descriptor Axiologia de la Obsenidad
9 (RLIN) 17123
650 ## - PUNTO DE ACCESO ADICIONAL DE MATERIA--TÉRMINO DE MATERIA
Descriptor Psicoanalisis
9 (RLIN) 17124
942 ## - ELEMENTOS DE PUNTO DE ACCESO ADICIONAL (KOHA)
Fuente de clasificación
Tipo de item Libros-BMC
945 ## - PROCESAMIENTO DE INFORMACIÓN LOCAL (OCLC)
Catalogador rtm
Holdings
Estado de retiro (separado) Fuente de clasificación o esquema de estanterías Estado dañado Ubicación Sala donde se ubica Nombre de la colección Fecha de adquisición o compra Costo, precio normal en soles Signatura topográfica Código de Barras Última vez visto (Koha) Tipo de ítem (Koha)
No     Sala Humanidades Sala Humanidades Book Cart 2019-03-13 20.00 194.7 / T35 SH0000006353 2019-03-13 Libros-BMC
No     Sala Humanidades Sala Humanidades Book Cart 2019-04-27 20.00 194.7/T35 /e.2 SH0000010925 2019-04-27 Libros-BMC

Powered by Koha